Magnetic resonance imaging in multiple sclerosis : (Record no. 1141)

MARC details
000 -LEADER
fixed length control field 01141pam a2200313 a 4500
001 - CONTROL NUMBER
control field 2926197
003 - CONTROL NUMBER IDENTIFIER
control field OSt
005 - DATE AND TIME OF LATEST TRANSACTION
control field 20230928073653.0
008 - FIXED-LENGTH DATA ELEMENTS--GENERAL INFORMATION
fixed length control field 890911s1989 gw a b 001 0 eng c
010 ## - LIBRARY OF CONGRESS CONTROL NUMBER
LC control number 89020367
020 ## - INTERNATIONAL STANDARD BOOK NUMBER
International Standard Book Number 3137373018 (Georg Thieme Verlag, Stuttgart)
020 ## - INTERNATIONAL STANDARD BOOK NUMBER
International Standard Book Number 0865773343
040 ## - CATALOGING SOURCE
Original cataloging agency DNLM/DLC
Transcribing agency DLC
Modifying agency DLC
050 10 - LIBRARY OF CONGRESS CALL NUMBER
Classification number RC377
Item number .M34 1989
060 ## - NATIONAL LIBRARY OF MEDICINE CALL NUMBER
Classification number WL 360 M196
082 00 - DEWEY DECIMAL CLASSIFICATION NUMBER
Classification number WL 880 M198 1989
Edition number 20
100 ## - MAIN ENTRY--PERSONAL NAME
Relator code J�urg Kesselring ... [et al.]
245 00 - TITLE STATEMENT
Title Magnetic resonance imaging in multiple sclerosis :
Remainder of title an atlas of diagnosis and differential diagnosis
260 ## - PUBLICATION, DISTRIBUTION, ETC. (IMPRINT)
Place of publication, distribution, etc. Stuttgart ;
Name of publisher, distributor, etc. Thieme Medical Publishers,
Date of publication, distribution, etc. 1989.
300 ## - PHYSICAL DESCRIPTION
Extent vii, 93 p. :
Other physical details ill. ;
Dimensions 25 cm.
504 ## - BIBLIOGRAPHY, ETC. NOTE
Bibliography, etc Includes bibliographical references and index.
650 #0 - SUBJECT ADDED ENTRY--TOPICAL TERM
Topical term or geographic name as entry element Multiple sclerosis
General subdivision Magnetic resonance imaging
-- Atlases.
9 (RLIN) 3110
650 #0 - SUBJECT ADDED ENTRY--TOPICAL TERM
Topical term or geographic name as entry element Multiple sclerosis
General subdivision Diagnosis
-- Atlases.
9 (RLIN) 3111
650 #0 - SUBJECT ADDED ENTRY--TOPICAL TERM
Topical term or geographic name as entry element Diagnosis, Differential
General subdivision Atlases.
9 (RLIN) 3112
650 #2 - SUBJECT ADDED ENTRY--TOPICAL TERM
Topical term or geographic name as entry element Magnetic Resonance Imaging.
9 (RLIN) 3113
650 #2 - SUBJECT ADDED ENTRY--TOPICAL TERM
Topical term or geographic name as entry element Multiple Sclerosis
General subdivision diagnosis.
9 (RLIN) 3114
906 ## - LOCAL DATA ELEMENT F, LDF (RLIN)
a 7
b cbc
c orignew
d 1
e ocip
f 19
g y-gencatlg
942 ## - ADDED ENTRY ELEMENTS (KOHA)
Source of classification or shelving scheme Other/Generic Classification Scheme
Koha item type Short Loan
Holdings
Withdrawn status Lost status Source of classification or shelving scheme Damaged status Not for loan Home library Current library Date acquired Source of acquisition Inventory number Total Checkouts Full call number Barcode Date last seen Koha item type
    Other/Generic Classification Scheme     MUST Main Library MUST Main Library 03/03/2015 Purchase 00/13898   WL 880 M198 1989 2015-0448 03/03/2015 Short Loan